<?xml version="1.0" encoding="UTF-8"?>
<collection xmlns="http://www.loc.gov/MARC21/slim">
 <record>
  <leader>00634pamaa2200181   4500</leader>
  <controlfield tag="001">0000007198</controlfield>
  <controlfield tag="005">20090324090000.0</controlfield>
  <controlfield tag="008">090324                             eng  </controlfield>
  <datafield tag="020" ind1="0" ind2="0">
   <subfield code="a">0874477182 / 9780874477184 (pbk.) </subfield>
  </datafield>
  <datafield tag="090" ind1="0" ind2="0">
   <subfield code="a">LB2353.57 </subfield>
   <subfield code="b">OFF 2005</subfield>
  </datafield>
  <datafield tag="245" ind1="0" ind2="4">
   <subfield code="a">The official SAT study guide  </subfield>
   <subfield code="c">The College Boards.</subfield>
  </datafield>
  <datafield tag="260" ind1="0" ind2="0">
   <subfield code="a">New York: </subfield>
   <subfield code="b">College Entrance Examination Board, </subfield>
   <subfield code="c">2005.</subfield>
  </datafield>
  <datafield tag="300" ind1=" " ind2=" ">
   <subfield code="a">ix, 899p: </subfield>
   <subfield code="b">ill.; </subfield>
   <subfield code="c">27 cm.</subfield>
  </datafield>
  <datafield tag="500" ind1="0" ind2="0">
   <subfield code="a">Rev. ed. of: 10 real SATs. c1997</subfield>
  </datafield>
  <datafield tag="650" ind1="0" ind2="0">
   <subfield code="a">SAT (Educational test) -- </subfield>
   <subfield code="x">Study guides </subfield>
  </datafield>
  <datafield tag="650" ind1="0" ind2="0">
   <subfield code="a">College Entrance Examination Board </subfield>
  </datafield>
  <datafield tag="660" ind1="0" ind2="0">
   <subfield code="a">10 real SATs</subfield>
  </datafield>
  <datafield tag="901" ind1=" " ind2=" ">
   <subfield code="u">http://www.collegeboard.com</subfield>
  </datafield>
 </record>
</collection>
